LEADER 01504nam a2200313 u 4500 001 000000003442 003 CaOOAMICUS 005 20070226104535.0 008 940514s1991 fr u000 u fre u 020 $a2711610500 035 $a10089705 040 $aPUL(R)$bita 245 00$aHommage a Paul Vignaux (1904-1987) :$blectionum varietates /$cédité par J. Jolivet, Z. Kaluza, A. De Libera ; avec un avant-propos de Charles Pietri. 260 $aParis :$bLibrairie Philosophique J. Vrin,$c1991. 300 $a342 p. ;$c24 cm 490 1 $aEtudes de philosophie médiévale ;$v65 600 14$aVignaux, Paul,$d1904-1987$xIndirizzi, saggi e letture.$0(OLS)http://pul/subject/2940 700 1 $aJolivet, Jean,$d1925-$0(OLS)http://pul/name/3629 700 1 $aPietri, Charles,$d1932-1991.$0(OLS)http://pul/name/3631 700 1 $aLibera, Alain de,$d1948-$0(OLS)http://pul/name/581 700 1 $aKaluza, Zenon.$0(OLS)http://pul/name/3630 830 0$aEtudes de philosophie médiévale ;$v65.$0(OLS)http://pul/title/1367 850 $aPUL 852 $aPUL$W1$xSL Filosofia 2$y80$mPhil A4 65$j4555$nBK-PRI$b $qStampati altre collocazioni$B4555$CPULBib$Z2$F4555 $H $81 941 1 $a10 961 $aINV: 66189 996 $6020$a2711610500$9(OLS)http://pul/number/4501 996 $6245$aHommage a Paul Vignaux (1904-1987) :$blectionum varietates$9(OLS)http://pul/title/5042 996 $6260$aParis :$bLibrairie Philosophique J. Vrin$9(OLS)http://pul/publisher/49881 LEADER 01346nam a2200325 u 4500 001 000000030588 003 CaOOAMICUS 005 20070226112038.0 008 970917s1977 it u000 u ita u 020 $a8839401466 035 $a10769721 040 $aPUL$bita$dPUL 041 1 $aita$hger 100 1 $aNoth, Martin,$d1902-1968.$0(OLS)http://pul/name/661 240 10$aZweite Buch Mose, Exodus.$lItaliano.$0(OLS)http://pul/title/42009 245 10$aEsodo /$ctraduzione e commento di Martin Noth ; traduzione italiana di Gino Cecchi ; edizione italiana a cura di Giovanni Odasso. 260 $aBrescia :$bPaideia,$cc1977. 300 $a348 p. ;$c21 cm 490 1 $aAntico Testamento ;$v5 630 04$aBiblia.$pV.T.$pExodus$xCommenti.$0(OLS)http://pul/subject/635 700 1 $aOdasso, Giovanni.$0(OLS)http://pul/name/19417 700 1 $aCecchi, Gino.$0(OLS)http://pul/name/24613 830 0$aAntico Testamento ;$v5.$0(OLS)http://pul/title/18620 850 $aPUL 852 $aPUL$W1$xSL Religione 1$y3$m1(6) H 5$j42290$nBK-PRI$b $qStampati$B42290$CPULBib$Z2$F42290 $H $81 941 1 $a8 961 $aINV: 43932 996 $6020$a8839401466$9(OLS)http://pul/number/38366 996 $6245$aEsodo$9(OLS)http://pul/title/42010 996 $6260$aBrescia :$bPaideia$9(OLS)http://pul/publisher/47884